000 00284nam a2200121Ia 4500
008 190216s9999||||xx |||||||||||||| ||und||
100 _aGilbert W Castellan
245 0 _aPhysical Chemistry
260 _bNarosa Pubs House
_c1983
300 _a1-17p
650 _aChemistry
942 _cBK
999 _c2661
_d2661